مكتبة جامعة عجلون الوطنية

فهرس بحث المكتبة

وليد سيف اكاديميا ومبدعا وملهما / (Record no. 33210)

MARC details
000 -LEADER
fixed length control field 00763nam a22002057a 4500
003 - CONTROL NUMBER IDENTIFIER
control field JO-AjAnu
005 - DATE AND TIME OF LATEST TRANSACTION
control field 20231202141911.0
008 - FIXED-LENGTH DATA ELEMENTS--GENERAL INFORMATION
fixed length control field 231202b jo ||||| |||| 00| 0 ara d
020 ## - INTERNATIONAL STANDARD BOOK NUMBER
International Standard Book Number 9789957190811
040 ## - CATALOGING SOURCE
Original cataloging agency JO-AjAnu
Language of cataloging ARA
Transcribing agency JO-AjAnu
041 ## - LANGUAGE CODE
Language code of text/sound track or separate title ARA
050 ## - LIBRARY OF CONGRESS CALL NUMBER
Classification number PJ7505.5
-- G42
-- 2023
100 ## - MAIN ENTRY--PERSONAL NAME
Personal name عبد الخالق، غسان إسماعيل
9 (RLIN) 64570
Relator term [معد ومترجم]
245 00 - TITLE STATEMENT
Title وليد سيف اكاديميا ومبدعا وملهما /
Statement of responsibility, etc. غسان اسماعيل عبد الخالق
250 ## - EDITION STATEMENT
Edition statement الطبعة الاولى
260 ## - PUBLICATION, DISTRIBUTION, ETC.
Place of publication, distribution, etc. عمان :
Name of publisher, distributor, etc. دار الاهلية للنشر والتوزيع،
Date of publication, distribution, etc. 2023
300 ## - PHYSICAL DESCRIPTION
Extent 288صفحة
650 #0 - SUBJECT ADDED ENTRY--TOPICAL TERM
Topical term or geographic name entry element ادب عربي - تاريخ ونقد - وليد سيف
9 (RLIN) 64571
942 ## - ADDED ENTRY ELEMENTS (KOHA)
Source of classification or shelving scheme Library of Congress Classification
Koha item type Books
Suppress in OPAC No
Holdings
Withdrawn status Lost status Source of classification or shelving scheme Damaged status Not for loan Home library Current library Date acquired Total Checkouts Full call number Barcode Date last seen Price effective from Koha item type
    Library of Congress Classification     مكتبة جامعة عجلون الوطنية مكتبة جامعة عجلون الوطنية 02/12/2023   PJ7505.50.G42.2023 A29686 02/12/2023 02/12/2023 Books
    Library of Congress Classification     مكتبة جامعة عجلون الوطنية مكتبة جامعة عجلون الوطنية 02/12/2023   PJ7505.50.G42.2023 A29685 02/12/2023 02/12/2023 Books